Taller vertical. 03, Vivienda y ciudad /

Detalles Bibliográficos
Autores principales: Schulman, Alexis (Autor), Espinoza, Carlos (Autor)
Formato: Electrónico eBook
Lenguaje:español
Publicado: Cuenca, [Ecuador] : Universidad del Azuay, Casa Editora, [2018]
Materias:
Acceso en línea:Digitalia Hispánica

MARC

LEADER 00000nam a2200000Ii 4500
001 DIGUAZUAY0216
003 NyNyDIG
006 m o d
007 cr |||||||||||
008 251104s2018 ec ae o 000 0 spa d
035 |a (OCoLC)1548425725 
040 |a DGITA  |b eng  |e rda  |e pn  |c DGITA 
020 |z 9789942778321 
050 1 4 |a NA7120 ebook 
100 1 |a Schulman, Alexis,  |e author. 
245 1 0 |a Taller vertical.  |n 03,  |p Vivienda y ciudad /  |c Alexix Schulman, Carlos Espinoza. 
246 3 0 |a Vivienda y ciudad 
264 1 |a Cuenca, [Ecuador] :  |b Universidad del Azuay, Casa Editora,  |c [2018] 
300 |a 1 online resource :  |b illustrations, plans. 
336 |a text  |b txt  |2 rdacontent 
337 |a computer  |b c  |2 rdamedia 
338 |a online resource  |b cr  |2 rdacarrier 
347 |a text file  |2 rdaft 
347 |b PDF 
588 0 |a Online resource; title from PDF title page (Digitalia, viewed November 4, 2025) 
650 0 |a Architecture, Domestic. 
650 0 |a Architecture  |x Study and teaching. 
700 1 |a Espinoza, Carlos,  |e author. 
791 2 |a Digitalia (Firm),  |e distributor. 
793 0 |g Digitalia eBook Collection:  |a Universidad del Azuay 
776 0 8 |i Print version:  |a Schulman, Alexis.  |t Taller vertical. 03. Vivienda y ciudad.  |d Cuenca, [Ecuador] : Universidad del Azuay, Casa Editora, [2018]  |z 9789942778321 
856 4 0 |3 Digitalia Hispánica  |u https://www.digitaliapublishing.com/a/133601/ 
910 |a Premium collection: 2025